| 000 | 00614nam a2200193Ia 4500 | ||
|---|---|---|---|
| 003 | GCL | ||
| 008 | 140319s9999 xx 000 0 ara d | ||
| 040 |
_aGCL / _cGCL |
||
| 082 | 0 | 4 |
_a516.6 _bم ا |
| 100 | 1 | _aاحمد حسن متولى الشريف | |
| 245 | 1 | 0 |
_aمسائل فى الهندسة الوصفية التطبيقية / _cاحمد حسن متولى الشريف |
| 260 |
_a[S.N] : _bدار الراتب الجامعية |
||
| 300 | _a118 ص | ||
| 490 | _a | ||
| 650 | 0 | 4 | _aالهندسة |
| 650 | 0 | 4 | _aالهندسة الوصفية |
| 650 | 0 | 4 | _aالهندسة الفراغية |
| 942 |
_2ddc _cBK |
||
| 999 |
_c49198 _d49198 |
||